| 000 | 02126cam a2200385 i 4500 | ||
|---|---|---|---|
| 001 | GVRL492F | ||
| 003 | MiFhGG | ||
| 005 | 20250820004433.0 | ||
| 006 | m o d | ||
| 007 | cr un ---uuuua | ||
| 008 | 200629s2021 inua o 000 0 eng d | ||
| 020 |
_a9780744041460 _q(electronic book) |
||
| 020 |
_z9781615649846 _q(trade paperback) |
||
| 035 | _a(OCoLC)1244277306 | ||
| 040 |
_aMiFhGG _beng _cMiFhGG _erda _epn |
||
| 050 | 4 |
_aPC1121 _b.E98 2021 |
|
| 100 | 1 |
_aEuvino, Gabrielle, _eauthor. |
|
| 245 | 1 | 0 |
_aItalian phrases for beginners : _ba foolproof guide to everyday terms every traveler needs to know / _cGabrielle Euvino. |
| 264 | 1 |
_aIndianapolis : _bDK Publishing, _c2021. |
|
| 300 |
_a1 online resource (vi, 297 pages) : _bcolor illustrations |
||
| 336 |
_atext _btxt _2rdacontent |
||
| 337 |
_acomputer _bc _2rdamedia |
||
| 338 |
_aonline resource _bcr _2rdacarrier |
||
| 490 | 0 | _aGale eBooks | |
| 505 | 0 | _a1. Pronunciation guide -- 2. Essentials -- 3. Friends & family -- 4. Transportation -- 5. Driving in Italy -- 6. Home away from home -- 7. Food & eating -- 8. Shopping -- 9. Friendship & romance -- 10. Staying healthy -- 11. Business & communications. | |
| 520 | _aThis book is a handy guide for beginners who want to learn how to speak Italian. It provides readers with everyday terms to use when traveling, shopping, and eating out, conversational phrases for discussing the weather, sports, and family, popular idioms to help readers (almost) sound like a native Italian speaker, pronunciation keys for nearly every phrase discussed, and conjugation tables to help readers use the right verbs in the right situations. | ||
| 588 | _aDescription based on print version record. | ||
| 650 | 0 | _aItalian language. | |
| 650 | 0 |
_aItalian language _xSpoken Italian. |
|
| 710 | 2 | _aGale (Firm) | |
| 776 | 0 | 8 |
_iPrint version: _tItalian phrases for beginners. _dIndianapolis : DK Publishing, 2021 _z9781615649846 _w(DLC) 2020941350 |
| 856 | 4 | 0 |
_uhttps://link.gale.com/apps/pub/492F/GVRL?sid=gale_marc&u=phurs _zAvailable via Gale eBooks. Click here to access |
| 912 | _a492F | ||
| 942 |
_2lcc _cE-BOOK |
||
| 999 |
_c84285 _d84283 |
||